000 00373nam a2200169Ia 4500
003 IT-RoPAU
008 120407s9999 xx 000 0 und d
040 _aIT-RoPAU
040 _cIT-RoPAU
100 _aClaus Westermann
245 _aAntico Testamento: Isaia (capitoli 40-46)
250 _aBrescia
260 _aPaideia
300 _c cm
490 _v1
942 _cBK
999 _c9045
_d9045